| 000 | 00498nam a2200205Ia 4500 | ||
|---|---|---|---|
| 003 | 0100 | ||
| 008 | 130227s9999 xx 000 0 und d | ||
| 040 | _cARRUPELIB | ||
| 050 | _aBV4501.3.W37 | ||
| 100 | _aWarren, Rick | ||
| 245 | 4 | _aThe purpose driven life | |
| 245 | _bwhat on earth am i here for | ||
| 260 | _aMichigan | ||
| 260 | _bPurpose Driven Publishing | ||
| 260 | _C2002 | ||
| 300 | _a334p. | ||
| 300 | _b 23 cm | ||
| 650 | _bEngland - Social life & customs | ||
| 942 |
_2lcc _01 |
||
| 999 |
_c1673 _d1673 |
||